| 000 | 00427nam a2200145Ia 4500 | ||
|---|---|---|---|
| 008 | 230312s9999||||xx |||||||||||||| ||und|| | ||
| 020 | _a9781119248835 | ||
| 082 |
_a650.076 _bWEE-C |
||
| 100 | _aPearce,James | ||
| 245 | 0 | _aProfessional mobile Web development with WordPress, Joomla!, and Drupal | |
| 260 |
_bWiley _aCanada _c2017 |
||
| 300 | _a513 | ||
| 650 |
_aBusiness analysts Certification _vElectronic books |
||
| 942 | _cBK | ||
| 999 |
_c18244 _d18244 |
||